000 00465pab a2200193 454500
008 180718b2011 xxu||||| |||| 00| 0 eng d
100 _aRoy, A.
245 _aSoil rejuvenation - The road ahead for second green revolution
260 _c2011
300 _ap.3-7.
362 _aNov
650 _aGreen revolution
650 _aSoil improvement
700 _aTiwari, K.N.
700 _aKaore, S.V.
773 _aKurukshetra
908 _aN
909 _a93830
999 _c93830
_d93830